00658 2200241 4500001002100000005001700021008004100038035002400079082001000103090001700113100001800130245006800148250001100216260003100227300003000258500003100288650003500319850001500354980001300369985000600382986001300388999001500401YOGYA-0209000001627720090227022625.0 ind  0010-020900000016277 a371.3 a371.3bHam S aHAMALIK, Umar aSistem internship kependidikan teori dan praktekcOemar Hamalik aCet. 1 aBandungbMandar Majuc1990 aXIV, 206 hlmbilusc21 cm aBibliografi : hlm. 205-206 aPendidikan - Teori dan praktek aYOPDYOG(B) a10-10-05 a1 afwhrtrev a95P0056267